000 01084nam0a2200313 4500
001 RU\NLR\bibl\1739997
005 20250616112333.0
010 _a978-5-17-070578-8
_bАСТ
010 _a978-5-271-32333-1
_bАстрель
010 _a978-5-226-03444-2
_912500
_bВКТ
021 _aRU
_b2011-5445
_9372
035 _a(NLR Aleph) 001730917
090 _a1398989
_c1398989
100 _a20110224d2010 |||y0rusy50 ca
101 1 _arus
_ceng
102 _aRU
105 _ay |||||||||
200 1 _aПриручить чудовище
_eроман
_fЭлизабет Хойт
_g[пер. с англ. Т.В. Боровинской]
210 _aМосква
_cАСТ
_cАстрель
_aВладимир
_cВКТ
_d2010
215 _a317, [1] с.
_d17
225 1 _aОчарование
225 1 _aМини-шарм
686 _aШ6(7США)67-440.4{Лх1979-50}
700 1 _4070
_7ca
_8rus
_aХойт
_bЭ.
_f1970-
_gЭлизабет
_9256080
_3RU\NLR\AUTH\770256136
801 0 _aRU
_bNLR
_c20110224
_gRCR
801 1 _aRU
_bNLR
_c20110224
942 _cBOOK
980 _aNB